Estudio arquitectónico de la catedral de San Pedro de la ciudad de Matagalpa.

Presenta estudio arquitectónico La catedral San Pedro de la ciudad de Matagalpa, dispone de una serie de enfoques tales como: Histórico, funcional, tipológico, estructural y constructivo de alteraciones y daños. El objetivo es una caracterización arquitectónica histórica y cultural que precis...

Full description

Bibliographic Details
Main Authors: Argeñal García, Ana Carolina, Acosta Espinoza, Kendrick Adolfo
Other Authors: Tutor: Rodríguez Vásquez, Eduardo Antonio
Format: Tesis Section = Libro
Language:Undetermined
Spanish
Published: Managua UNI 2007
Subjects:
LEADER 01315nam a2200253Ia 4500
008 240830s9999 xx 000 0 und d
040 |a BIBLIOTECA-RUSB/ Mon 726.51 A688 
041 |a spa 
082 |a Mon 726.51 A688 
100 1 |a Argeñal García, Ana Carolina 
100 1 |b Acosta Espinoza, Kendrick Adolfo 
245 1 0 |a Estudio arquitectónico de la catedral de San Pedro de la ciudad de Matagalpa. 
260 |a Managua  |b UNI  |c 2007 
300 |a 92 p. :il. 
502 |a Tesis (Arquitecto) - UNI, 2007. 
520 3 |a Presenta estudio arquitectónico La catedral San Pedro de la ciudad de Matagalpa, dispone de una serie de enfoques tales como: Histórico, funcional, tipológico, estructural y constructivo de alteraciones y daños. El objetivo es una caracterización arquitectónica histórica y cultural que precisaron en determinar las características arquitectónicas de la misma dirigidas a elaborar un diagnóstico que determine su estado actual. 
650 7 |a ARQUITECTURA RELIGIOSA - ESTUDIO ARQUITECTONICO 
650 7 |b  DETALLES ARQUITECTÓNICO - CATEDRAL 
650 7 |c  ARQUITECTURA CONSERVACION Y RESTAURACION 
650 7 |d  ARQUITECTURA HISTORICA CULTURAL -NICARAGUA 
700 1 |a Tutor:  |b Rodríguez Vásquez, Eduardo Antonio 
942 |c BK  |2 ddc 
991 |a TESIS 
999 |c 21350